| 000 | 00477nam a2200157 i 4500 | ||
|---|---|---|---|
| 001 | 77184 | ||
| 003 | ES-MaACL | ||
| 005 | 20230906173117.0 | ||
| 007 | t| | ||
| 008 | 041007s1917 sp ||||1| spa d | ||
| 100 | 1 |
_aGutiérrez Gorostiza, Alfredo. _961160 |
|
| 245 | 1 | 0 |
_aVenus Citerea en dos partes _b: comedia de dioses y faunos / _cAlfredo Gutiérrez Gorostiza. |
| 260 |
_aMadrid : _b[s.n., _c1917] ( _fJ. López) |
||
| 300 |
_a204 p. ; _c21 cm. |
||
| 852 |
_aES-MaACL _jF-5799 |
||
| 999 |
_c77184 _d77184 |
||